|
|
|
|
| LEADER |
00000cam a2200000 7i4500 |
| 001 |
0000003762 |
| 005 |
20110601.0 |
| 020 |
0 |
0 |
|a 9832181518
|
| 090 |
0 |
0 |
|a 715.209595
|b ADN 2003
|
| 100 |
0 |
0 |
|a Adnan Ahmad
|
| 245 |
0 |
0 |
|a Pokok-Pokok Untuk Tanaman Bandar
|
| 250 |
0 |
0 |
|a Edisi kedua
|
| 260 |
0 |
0 |
|a Kuala Lumpur :
|b Institut Penyelidikan Perhutanan Malaysia ,
|c 2003
|
| 300 |
|
|
|a xi, 191.p. :
|b col. ill. ;
|c 30 cm.
|
| 504 |
0 |
0 |
|a Includes bibliographies and index
|
| 650 |
0 |
0 |
|a Landscape gardening---Malaysia
|
| 650 |
0 |
0 |
|a Trees in cities---Malaysia
|
| 650 |
0 |
0 |
|a Urban beautification
|
| 999 |
|
|
|a 001162
|b Monograph
|c Open Shelf
|e Default branch
|